Comedies and tragedies
Gespeichert in:
| 1. Verfasser: | |
|---|---|
| Format: | Buch |
| Sprache: | Englisch |
| Veröffentlicht: |
Londres
J. M. Dent
1906
|
| Schlagworte: | |
| Tags: |
Tag hinzufügen
Keine Tags, Fügen Sie den ersten Tag hinzu!
|
MARC
| LEADER | 00000nam a2200000 a 4500 | ||
|---|---|---|---|
| 001 | UCT5720 | ||
| 003 | CL-VaPUC | ||
| 008 | 961216e19060000UK |||||||||||||||||eng|d | ||
| 082 | 0 | 4 | |a 822 |b SHA |2 21 |
| 100 | |a Shakespeare, William |e author |9 265757 | ||
| 245 | 1 | 0 | |a Comedies and tragedies |
| 300 | |a 981 p | ||
| 942 | |c BK | ||
| 945 | |d 19961216 00:00:00 |a rleighto | ||
| 260 | |a Londres |b J. M. Dent |c 1906 | ||
| 650 | 7 | |a COMEDIAS INGLESAS |2 CL-VaPUC |9 269397 | |
| 650 | 7 | |a TRAGEDIAS INGLESAS |2 CL-VaPUC |9 375348 | |
| 583 | |a last modification |c 19961216 00:00:00 |k Rodrigo Vera | ||
| 999 | |c 254592 |d 254590 | ||
| 952 | |0 0 |1 0 |4 0 |6 822_000000000000000_SHA_1906 |7 0 |8 R |9 276376 |a BIBEDU |b BIBEDU |c MCIRC |d 2019-11-19 |i 3261077 |o 822 SHA 1906 |p 3261077 |r 2023-01-13 |w 2019-11-19 |y BK_R |k LIT | ||